000 00322nam a22001457a 4500
008 210310b ||||| |||| 00| 0 eng d
020 _a9780256178630
041 _aeng
080 _22
_a339.138
082 _22
_a339.138
100 _a60
101 _aMAR
245 _aThe Marketing Game
_cMason,H.CH
942 _2udc
_cBK
999 _c56144
_d56144